Hướng dẫn thực hành trang điểm
Gardado en:
| Autor Principal: | |
|---|---|
| Formato: | Libro |
| Publicado: |
Tp.HCM
Nxb Trẻ
1999
|
| Những chủ đề: | |
| Các nhãn: |
Engadir etiqueta
Sen Etiquetas, Sexa o primeiro en etiquetar este rexistro!
|
| Thư viện lưu trữ: | Trung tâm Học liệu Lê Vũ Hùng, Trường Đại học Đồng Tháp |
|---|
| LEADER | 00681pam a22002178a 4500 | ||
|---|---|---|---|
| 001 | 00020254 | ||
| 005 | 20171026081025.0 | ||
| 008 | 110513s1999 ||||||Viesd | ||
| 041 | 0 | # | |a Vie |
| 082 | 1 | 4 | |a 646.7 |b H561D |
| 100 | 0 | # | |a Phi Phụng |
| 245 | 0 | 0 | |a Hướng dẫn thực hành trang điểm |c Phi Phụng |
| 260 | # | # | |a Tp.HCM |b Nxb Trẻ |c 1999 |
| 300 | # | # | |a 45 tr. |b Ảnh màu, Hình vẽ |c 19 cm. |
| 650 | # | 4 | |a Thực hành |
| 650 | # | 4 | |a Trang điểm |
| 653 | # | # | |a Làm đẹp |
| 852 | # | # | |b Kho đọc |j KD.0005662 |
| 852 | # | # | |j KD.0005662 |
| 910 | 0 | # | |a nhnam |d 13/05/2011 |
| 980 | # | # | |a Trung tâm Học liệu Lê Vũ Hùng, Trường Đại học Đồng Tháp |